Břeclav - Pohansko. VIII., Hospodářské zázemí centra nebo jen osady v blízkosti centra? /
Uloženo v:
| Hlavní autor: | |
|---|---|
| Médium: | E-kniha |
| Jazyk: | Czech |
| Vydáno: |
Brno :
MUNI Press,
2016
|
| Vydání: | Vydání první |
| Témata: | |
| On-line přístup: | Plný text - pro registrované uživatele NK ČR Informace o výpůjčkách e-knih |
| Tagy: |
Žádné tagy |
| LEADER | 02844nam a2200661 i 4500 | ||
|---|---|---|---|
| 001 | 311176 | ||
| 003 | CZ PrSKC | ||
| 005 | 20260601215701.0 | ||
| 007 | ta | ||
| 008 | 170310s2016 xr abe f c 000 0 cze | ||
| 015 | |a cnb002884894 | ||
| 020 | |a 9788021084179 |q (brožováno) | ||
| 035 | |a (OCoLC)987008573 | ||
| 040 | |a BOA001 |b cze |e rda | ||
| 041 | 0 | |a cze |b eng | |
| 043 | |a e-xr--- |b e-xr-jm |2 czenas | ||
| 072 | 7 | |a 902 |x Archeologie |2 Konspekt | |
| 080 | |a 902.2 |2 MRF | ||
| 080 | |a 902:904 |2 MRF | ||
| 080 | |a 911.37 |2 MRF | ||
| 080 | |a 718 |2 MRF | ||
| 080 | |a (437.322) |2 MRF | ||
| 080 | |a (048.8:082) |2 MRF | ||
| 080 | |a (083.82) |2 MRF | ||
| 100 | 1 | |a Dresler, Petr, |d 1978- |7 xx0109768 |4 aut | |
| 245 | 1 | 0 | |a Břeclav - Pohansko. |n VIII., |p Hospodářské zázemí centra nebo jen osady v blízkosti centra? / |c Petr Dresler |
| 246 | 3 | 0 | |a Hospodářské zázemí centra nebo jen osady v blízkosti centra? |
| 250 | |a Vydání první | ||
| 264 | 1 | |a Brno : |b MUNI Press, |c 2016 | |
| 300 | |a 275 stran : |b ilustrace (některé barevné), mapy, plány ; |c 24 cm | ||
| 336 | |a text |b txt |2 rdacontent | ||
| 337 | |a bez média |b n |2 rdamedia | ||
| 338 | |a svazek |b nc |2 rdacarrier | ||
| 504 | |a Obsahuje bibliografii | ||
| 546 | |a Anglické resumé | ||
| 550 | |a Vydavatel: Masarykova univerzita | ||
| 650 | 0 | 7 | |a archeologické výzkumy |7 ph118577 |z Česko |2 czenas |
| 650 | 0 | 7 | |a archeologické nálezy |7 ph137683 |z Česko |2 czenas |
| 650 | 0 | 7 | |a sídliště (archeologie) |7 ph137685 |z Česko |2 czenas |
| 650 | 0 | 7 | |a pohřebiště |7 ph137684 |z Česko |2 czenas |
| 650 | 0 | 9 | |a excavations (archaeology) |z Czechia |2 eczenas |
| 650 | 0 | 9 | |a antiquities |z Czechia |2 eczenas |
| 650 | 0 | 9 | |a settlements |z Czechia |2 eczenas |
| 650 | 0 | 9 | |a cemeteries |z Czechia |2 eczenas |
| 651 | 7 | |a Pohansko (Česko : archeologická lokalita) |7 ge128579 |2 czenas | |
| 651 | 9 | |a Pohansko (Czechia : archaeological site) |2 eczenas | |
| 655 | 7 | |a kolektivní monografie |7 fd501537 |2 czenas | |
| 655 | 7 | |a katalogy |7 fd132535 |2 czenas | |
| 655 | 9 | |a collective monographs |2 eczenas | |
| 655 | 9 | |a catalogs |2 eczenas | |
| 710 | 2 | |a Masarykova univerzita |7 kn20010709056 |4 isb | |
| 856 | 4 | 0 | |u https://ebookcentral.proquest.com/lib/natl-ebooks/detail.action?docID=5633983 |y Plný text - pro registrované uživatele NK ČR |4 N |
| 856 | 4 | 2 | |u https://www.nkp.cz/katalogy-databaze-digitalni-knihovny/proquest-ebook-central#ProQuestVypujcky |y Informace o výpůjčkách e-knih |4 N |
| 900 | |a ABA001 |b 19 | ||
| 044 | |a xr | ||
| 910 | |a RBIT002 | ||
| 998 | |d 206029 |a https://core.palmknihy.cz/api/books/206029/cover?q98doo |b https://core.palmknihy.cz/api/books/206029/cover/400?q98doo |c https://core.palmknihy.cz/api/books/206029/cover/50?q98doo |e |g 274 |i 9788021084179 |k https://core.palmknihy.cz/api/books/206029/preview.pdf |l |q 49 |r 1 |s https://www.palmknihy.cz/kniha/206029 |t ebook |y 2018 |z 0 | ||
| 999 | |d 311174 | ||